| 000 | 00856nam a2200253 a 4500 | ||
|---|---|---|---|
| 001 | BRCA_3959 | ||
| 005 | 20190320204506.0 | ||
| 008 | 140110s1955----au-a######---#000-0#ger-# | ||
| 041 | _ager | ||
| 044 | _aau | ||
| 050 | 4 |
_aNA5060 _b.F48 1955 |
|
| 100 | 1 |
_aFeuchtmüller, Rupert _910297 |
|
| 245 | 1 | 0 |
_aEin Wunder gotischer Schnitzkunst _bMonographie uber Kirche und Altar von Mauer bei Melk ; mit Bildtafeln, und einem Farbbild nach photographien von Eugen Santol. _cRupert Feuchtmüller. |
| 260 |
_aViena _bPressvereins-Druckerei _c1955 |
||
| 300 |
_a62 p. _bil., 89 láminas _c27 cm. |
||
| 500 | _aCDE23 | ||
| 650 | 1 | 4 |
_aRetablos _97923 |
| 650 | 1 | 4 |
_aEscultura gótica _92039 |
| 650 | 1 | 4 |
_aEscultura _zAustria _910298 |
| 650 | 1 | 4 |
_aMauer bei Melk, Austria. Wallfahrtskirche _910299 |
| 700 | 1 |
_aSantol, Eugen _910300 |
|
| 902 | _aGFM | ||
| 942 |
_2lcc _cB |
||
| 999 |
_c3686 _d3686 |
||